[Event "Madrid-ch Semifinal A"]
[Site "Madrid ESP"]
[Date "2014.03.17"]
[Round "4.5"]
[White "Spitzer Isbert, Ramon"]
[Black "Rodriguez De Castro, Ayar"]
[Result "1/2-1/2"]
[WhiteElo "2070"]
[BlackElo "2108"]
[PlyCount "100"]
[EventDate "2014.03.10"]
[EventType "swiss"]
[EventRounds "9"]
[EventCountry "ESP"]
[Source "lmi"]
[SourceDate "2014.03.10"]

1. Nf3 d5 2. g3 Nf6 3. Bg2 Bf5 4. c4 c6 5. O-O Nbd7 6. cxd5 cxd5 7. Nc3 e6 8.
d3 Be7 9. Bf4 O-O 10. Rc1 a6 11. a3 Rc8 12. Qb3 Nc5 13. Qa2 Bd6 14. Bxd6 Qxd6
15. b4 Ncd7 16. Nh4 Bg4 17. h3 Bh5 18. g4 Bg6 19. Nxg6 hxg6 20. Rfd1 Rc7 21.
Qd2 Rfc8 22. Na2 Qe5 23. Rxc7 Rxc7 24. e3 Qd6 25. Rc1 Ne5 26. f4 Nc6 27. g5 Nd7
28. Nc3 Ne7 29. Ne2 Nf5 30. Kf2 Kf8 31. Ng3 Nxg3 32. Kxg3 Nb6 33. Rc2 Rc6 34.
Qc1 Nd7 35. d4 Qc7 36. Rxc6 Qxc6 37. Qxc6 bxc6 38. Bf1 Nb8 39. Kf2 Ke7 40. Ke2
Kd6 41. Kd2 Kc7 42. Kc3 Kb7 43. Be2 Nd7 44. h4 Nb6 45. Kb3 Nc8 46. Bd3 Nd6 47.
a4 Kb6 48. a5+ Kb7 49. Kc3 Nc8 50. Kd2 Nd6 1/2-1/2

[Event "Madrid-ch Semifinal A"]
[Site "Madrid ESP"]
[Date "2014.03.17"]
[Round "4.6"]
[White "Gonzalez Mateos, Rafael"]
[Black "Gonzalez Rivera, Eduardo"]
[Result "1-0"]
[WhiteElo "2005"]
[BlackElo "2101"]
[PlyCount "59"]
[EventDate "2014.03.10"]
[EventType "swiss"]
[EventRounds "9"]
[EventCountry "ESP"]
[Source "lmi"]
[SourceDate "2014.03.10"]

1. d4 Nf6 2. c3 g6 3. Bf4 Bg7 4. Nf3 d6 5. Nbd2 O-O 6. e4 c5 7. dxc5 dxc5 8.
Qc2 Nc6 9. Bc4 a6 10. a4 Na5 11. Be2 Be6 12. O-O h6 13. Rfd1 Qc8 14. h3 Rd8 15.
Rac1 b6 16. b4 cxb4 17. cxb4 Qxc2 18. Rxc2 Nb3 19. Rc6 Nxd2 20. Rxd2 Nxe4 21.
Rxd8+ Rxd8 22. Rxb6 Nc3 23. Bxa6 Nxa4 24. Rb8 Rxb8 25. Bxb8 Kf8 26. Be5 f6 27.
Bd4 Bd7 28. b5 Ke8 29. b6 Kd8 30. b7 1-0

[Event "Madrid-ch Semifinal A"]
[Site "Madrid ESP"]
[Date "2014.03.17"]
[Round "4.7"]
[White "Tereso Martin, Antonio"]
[Black "Quintero Torres, Pedro"]
[Result "1-0"]
[WhiteElo "2029"]
[BlackElo "2004"]
[PlyCount "107"]
[EventDate "2014.03.10"]
[EventType "swiss"]
[EventRounds "9"]
[EventCountry "ESP"]
[Source "lmi"]
[SourceDate "2014.03.10"]

1. d4 Nf6 2. c4 b6 3. Nc3 Bb7 4. Qc2 e6 5. Bg5 h6 6. Bh4 Bb4 7. f3 g5 8. Bg3 d5
9. O-O-O Bxc3 10. Qxc3 Nbd7 11. e3 Nh5 12. Ne2 Nxg3 13. Nxg3 Qe7 14. cxd5 Bxd5
15. Kb1 O-O-O 16. Rc1 Nb8 17. Bd3 Bb7 18. Rhe1 Nc6 19. Be4 Na5 20. b4 Bxe4+ 21.
fxe4 Nb7 22. e5 a5 23. a3 axb4 24. axb4 Rd5 25. Re2 Rb5 26. Rb2 Kb8 27. Ne4 Rc8
28. Qc4 Rd5 29. Qa6 f5 30. exf6 Qh7 31. Qd3 Nd6 32. Nc5 Qxd3+ 33. Nxd3 Ne4 34.
f7 Rf5 35. Ne5 Nd6 36. Nd7+ Kb7 37. f8=Q Rcxf8 38. Nxf8 Rxf8 39. Ka2 Ne4 40.
Rbc2 Rf7 41. Kb3 b5 42. Re2 c6 43. Kc2 Nd6 44. Kd3 Kb6 45. Rcc2 Ra7 46. Ra2 Re7
47. Rf2 e5 48. Rf6 Nc4 49. d5 e4+ 50. Kd4 Ne5 51. Re6 Rxe6 52. dxe6 Ng4 53. e7
Nf6 54. Ra8 1-0

[Event "Madrid-ch Semifinal A"]
[Site "Madrid ESP"]
[Date "2014.03.17"]
[Round "4.8"]
[White "Martin Rodriguez, Emilio"]
[Black "Lorenzo Bailador, Alfredo"]
[Result "1/2-1/2"]
[WhiteElo "2078"]
[BlackElo "1996"]
[PlyCount "97"]
[EventDate "2014.03.10"]
[EventType "swiss"]
[EventRounds "9"]
[EventCountry "ESP"]
[Source "lmi"]
[SourceDate "2014.03.10"]

1. d4 d5 2. c4 e6 3. Nc3 Be7 4. Nf3 Nf6 5. Bg5 Nbd7 6. e3 O-O 7. Qc2 h6 8. h4
c5 9. O-O-O Qa5 10. cxd5 exd5 11. dxc5 Qxc5 12. Bf4 Nb6 13. Rd4 Be6 14. Nd2 a5
15. a4 Qc8 16. f3 Nh5 17. Be5 Bc5 18. g4 Bxd4 19. exd4 Nf6 20. Bxf6 gxf6 21.
Bd3 Kh8 22. Nf1 Nc4 23. Kb1 Qc7 24. Qc1 Kg7 25. g5 Rac8 26. gxh6+ Kh8 27. h7 f5
28. Rg1 f6 29. Rg6 Qb6 30. Bxc4 dxc4 31. Qh6 Rf7 32. Rxf6 Rxh7 33. Rf8+ Rxf8
34. Qxf8+ Bg8 35. Nb5 Qg6 36. Nd2 Rxh4 37. Qd8 Rh2 38. Qxa5 Qh6 39. Kc2 Qe3 40.
Qc3 Re2 41. Qxe3 Rxe3 42. Nd6 Rd3 43. Nxf5 Bh7 44. Nd6 Rxd4+ 45. N6e4 Rd3 46.
b3 Rxf3 47. Nxf3 Bxe4+ 48. Kc3 cxb3 49. Nd2 1/2-1/2

[Event "Madrid-ch Semifinal A"]
[Site "Madrid ESP"]
[Date "2014.03.17"]
[Round "4.9"]
[White "Rosa Ramirez, Victor D"]
[Black "Vallejo Nuno, Jorge"]
[Result "1/2-1/2"]
[WhiteElo "1989"]
[BlackElo "2061"]
[PlyCount "71"]
[EventDate "2014.03.10"]
[EventType "swiss"]
[EventRounds "9"]
[EventCountry "ESP"]
[Source "lmi"]
[SourceDate "2014.03.10"]

1. e4 e5 2. Bc4 c6 3. Nf3 d5 4. exd5 cxd5 5. Bb5+ Bd7 6. Qe2 Bxb5 7. Qxb5+ Qd7
8. Nc3 e4 9. Nd4 Nf6 10. O-O Nc6 11. Nce2 Bd6 12. d3 O-O 13. f4 Rac8 14. Kh1 a6
15. Qa4 Rfe8 16. Nxc6 bxc6 17. dxe4 Nxe4 18. Nd4 Nc5 19. Qa5 h5 20. Bd2 Ne4 21.
Be1 c5 22. Nb3 Bc7 23. Qa3 Qb5 24. Nd2 Ba5 25. c4 Qb4 26. Qxb4 Bxb4 27. Nxe4
dxe4 28. Bxb4 cxb4 29. b3 f5 30. Kg1 Red8 31. Rad1 a5 32. Kf2 Kf7 33. h4 a4 34.
Ke2 Ke6 35. Rxd8 Rxd8 36. Rd1 1/2-1/2

[Event "Madrid-ch Semifinal A"]
[Site "Madrid ESP"]
[Date "2014.03.17"]
[Round "4.10"]
[White "Rueda Maria, Ramiro"]
[Black "Vazquez Gonzalez, Jesus"]
[Result "0-1"]
[WhiteElo "1967"]
[BlackElo "2054"]
[PlyCount "96"]
[EventDate "2014.03.10"]
[EventType "swiss"]
[EventRounds "9"]
[EventCountry "ESP"]
[Source "lmi"]
[SourceDate "2014.03.10"]

1. Nf3 g6 2. g3 Bg7 3. Bg2 e5 4. e4 Nc6 5. c4 d6 6. d3 Nge7 7. Nc3 O-O 8. O-O
h6 9. Be3 Kh7 10. d4 exd4 11. Nxd4 Ne5 12. Qb3 Ng4 13. Nce2 Nxe3 14. Qxe3 c5
15. Nb5 a6 16. Nbc3 Be6 17. b3 Qc7 18. Rad1 Rad8 19. Rd3 Rfe8 20. Rfd1 Qb8 21.
Qd2 Nc8 22. f4 b5 23. cxb5 c4 24. Rd4 Bxd4+ 25. Nxd4 Bg4 26. Rb1 cxb3 27. Rxb3
axb5 28. Kh1 Be6 29. Rxb5 Qc7 30. f5 Bc4 31. Rb4 Nb6 32. h4 d5 33. fxg6+ fxg6
34. Qf2 Rf8 35. Qe3 Qc5 36. Nf5 Qxe3 37. Nxe3 d4 38. Nxc4 Nxc4 39. Rxc4 dxc3
40. Rxc3 Rd1+ 41. Kh2 Rd2 42. e5 Rff2 43. Rc7+ Kg8 44. Rc8+ Kf7 45. Rc7+ Ke6
46. Rc6+ Kxe5 47. Rxg6 Kf5 48. g4+ Kxg6 0-1

[Event "Madrid-ch Semifinal A"]
[Site "Madrid ESP"]
[Date "2014.03.17"]
[Round "4.11"]
[White "Mansilla Tolosa, Luis"]
[Black "Luna Hermoso, Angel"]
[Result "1-0"]
[WhiteElo "2035"]
[BlackElo "1973"]
[PlyCount "65"]
[EventDate "2014.03.10"]
[EventType "swiss"]
[EventRounds "9"]
[EventCountry "ESP"]
[Source "lmi"]
[SourceDate "2014.03.10"]

1. d4 Nf6 2. c4 e5 3. dxe5 Ne4 4. a3 Nc6 5. Nf3 d6 6. Qc2 Bf5 7. Nc3 d5 8. cxd5
Nxc3 9. Qxf5 g6 10. Qc2 Nxd5 11. e4 Nb6 12. Bb5 Be7 13. Bh6 Nd7 14. Rd1 Rb8 15.
Bxc6 bxc6 16. e6 fxe6 17. Ne5 Bd6 18. Nxd7 Kxd7 19. e5 Rb5 20. exd6 cxd6 21.
Bf4 e5 22. Bg3 Qa5+ 23. b4 Qxa3 24. O-O Qxb4 25. Rb1 Qa5 26. Rxb5 Qxb5 27. Rb1
Qa6 28. Qd2 Ke6 29. Rd1 Qa3 30. Bxe5 dxe5 31. Qd7+ Kf6 32. Rd6+ Kg5 33. Qe7+
1-0

[Event "Madrid-ch Semifinal A"]
[Site "Madrid ESP"]
[Date "2014.03.17"]
[Round "4.12"]
[White "Cervino Rossel, Cristobal"]
[Black "Garcia Gonzalez, Jesus"]
[Result "1-0"]
[WhiteElo "2018"]
[BlackElo "1993"]
[PlyCount "99"]
[EventDate "2014.03.10"]
[EventType "swiss"]
[EventRounds "9"]
[EventCountry "ESP"]
[Source "lmi"]
[SourceDate "2014.03.10"]

1. d4 Nf6 2. Nf3 g6 3. Nc3 Bg7 4. e4 d6 5. Be3 O-O 6. h3 c6 7. Qd2 b5 8. Bd3
Nbd7 9. O-O e6 10. Ne2 c5 11. c3 Bb7 12. Ng3 Rc8 13. Bh6 e5 14. d5 c4 15. Bc2
Nc5 16. Bxg7 Kxg7 17. Qg5 Ng8 18. Qd2 Rc7 19. Nh2 Qh4 20. Rae1 Bc8 21. Qe3 f5
22. exf5 gxf5 23. f4 e4 24. Qd4+ Kh6 25. Qf2 Qf6 26. Ne2 Kg7 27. g4 Kh8 28. g5
Qg7 29. Ng3 h6 30. h4 Kh7 31. Kh1 Nd3 32. Bxd3 cxd3 33. Rg1 Qf7 34. Nhf1 Ne7
35. Ne3 hxg5 36. hxg5 Rh8 37. Kg2 Nxd5 38. Rh1+ Kg7 39. Rxh8 Nxe3+ 40. Qxe3
Kxh8 41. Rh1+ Kg8 42. Nh5 b4 43. Nf6+ Kf8 44. Qd4 Bb7 45. Qxd6+ Re7 46. Qd8+
Re8 47. Rh8+ Kg7 48. Rxe8 e3+ 49. Kg3 e2 50. Rg8+ 1-0

[Event "Madrid-ch Semifinal A"]
[Site "Madrid ESP"]
[Date "2014.03.17"]
[Round "4.13"]
[White "Fuentes Arjona, Antonio"]
[Black "Lozano Sanchez, Jose Antonio"]
[Result "1/2-1/2"]
[WhiteElo "2003"]
[BlackElo "1874"]
[PlyCount "120"]
[EventDate "2014.03.10"]
[EventType "swiss"]
[EventRounds "9"]
[EventCountry "ESP"]
[Source "lmi"]
[SourceDate "2014.03.10"]

1. e4 e5 2. Nf3 Nc6 3. Bc4 Nf6 4. d3 Bc5 5. c3 O-O 6. O-O d6 7. b4 Bb6 8. a4 a6
9. a5 Ba7 10. Qb3 Qe7 11. Bg5 Be6 12. Nbd2 h6 13. Bh4 g5 14. Bg3 Nh5 15. Kh1
Kg7 16. b5 axb5 17. Qxb5 Bd7 18. Qb2 Rab8 19. d4 Nxg3+ 20. fxg3 g4 21. Nh4 exd4
22. Rae1 dxc3 23. Qxc3+ Bd4 24. Qd3 Bf6 25. Nf5+ Bxf5 26. Rxf5 Ne5 27. Qe2 Bg5
28. Nf1 c6 29. h4 gxh3 30. gxh3 Nxc4 31. Qxc4 Qe6 32. Qc3+ Bf6 33. Qf3 Be5 34.
Ne3 Qg6 35. Rh5 Rh8 36. Nf5+ Kf8 37. Rf1 f6 38. g4 Ke8 39. Qe3 Kd7 40. Qb6 Qf7
41. Nxh6 Qc4 42. Qf2 Qxe4+ 43. Qg2 Qxg2+ 44. Kxg2 Ra8 45. g5 fxg5 46. Rf7+ Ke6
47. Rxb7 Rxa5 48. h4 g4 49. Rc7 Ra2+ 50. Kg1 Bf4 51. Nf5 Rb8 52. Ng7+ Kf6 53.
Rf5+ Kg6 54. Rxf4 Rb1+ 55. Rf1 Rxf1+ 56. Kxf1 c5 57. h5+ Kh6 58. Rd7 Rh2 59.
Nf5+ Kg5 60. Rxd6 Kxf5 1/2-1/2

[Event "Madrid-ch Semifinal A"]
[Site "Madrid ESP"]
[Date "2014.03.17"]
[Round "4.14"]
[White "Lobato Rivero, Carlos"]
[Black "Pinel Mirasierra, Jose Pablo"]
[Result "1/2-1/2"]
[WhiteElo "1999"]
[BlackElo "1951"]
[PlyCount "61"]
[EventDate "2014.03.10"]
[EventType "swiss"]
[EventRounds "9"]
[EventCountry "ESP"]
[Source "lmi"]
[SourceDate "2014.03.10"]

1. e4 c6 2. d4 d5 3. e5 c5 4. c3 Nc6 5. Be3 cxd4 6. cxd4 Bf5 7. Bd3 Bxd3 8.
Qxd3 e6 9. Nc3 Nge7 10. f4 Nf5 11. Bf2 h5 12. Nge2 Bb4 13. a3 Qa5 14. O-O Be7
15. b4 Qd8 16. Na4 O-O 17. h3 g6 18. g4 Ng7 19. Rac1 Rc8 20. Rc2 Rc7 21. Rfc1
Rd7 22. Nc5 Bxc5 23. Rxc5 Qe7 24. Nc3 Rfd8 25. Nb5 hxg4 26. hxg4 Ne8 27. Qh3 f6
28. Kg2 Qh7 29. Qg3 g5 30. fxg5 Qe4+ 31. Qf3 1/2-1/2

[Event "Madrid-ch Semifinal A"]
[Site "Madrid ESP"]
[Date "2014.03.17"]
[Round "4.15"]
[White "Martin Martin, Luis Vicente"]
[Black "Camarero Izquierdo, Juan Carlo"]
[Result "1-0"]
[WhiteElo "2065"]
[BlackElo "1864"]
[PlyCount "105"]
[EventDate "2014.03.10"]
[EventType "swiss"]
[EventRounds "9"]
[EventCountry "ESP"]
[Source "lmi"]
[SourceDate "2014.03.10"]

1. d4 Nf6 2. Bf4 g6 3. Nf3 Bg7 4. e3 O-O 5. h3 c5 6. c3 cxd4 7. exd4 d5 8. Bd3
Ne4 9. Nbd2 f5 10. O-O Kh8 11. Be5 Bf6 12. Re1 Nd7 13. Bxf6+ Ndxf6 14. Qb3 e6
15. Bxe4 dxe4 16. Ne5 Nh5 17. Kh2 Qg5 18. Nf1 Nf6 19. Ng3 h5 20. Qc2 h4 21. Ne2
f4 22. Kh1 b6 23. Nxf4 Bb7 24. Nxe6 Qf5 25. Nxf8 Rxf8 26. f3 Kg7 27. Kg1 Qf4
28. Rf1 Nh5 29. fxe4 Qe3+ 30. Rf2 Nf4 31. Qd2 Qxe4 32. Rxf4 Rxf4 33. Re1 Qf5
34. Qd3 Be4 35. Qe2 Bd5 36. Rf1 Rxf1+ 37. Qxf1 Qc2 38. Qf2 Qb1+ 39. Kh2 Bxa2
40. c4 Qf5 41. Qxh4 g5 42. Qg4 Qxg4 43. hxg4 Kf6 44. Kg3 Ke6 45. Kf3 a6 46. Ke3
b5 47. Kd3 b4 48. Kc2 a5 49. b3 a4 50. bxa4 Kd6 51. Kb2 Bxc4 52. Nxc4+ Kd5 53.
a5 1-0

[Event "Madrid-ch Semifinal A"]
[Site "Madrid ESP"]
[Date "2014.03.17"]
[Round "4.16"]
[White "Garcia Gutierrez, Jose"]
[Black "Saber, Salah"]
[Result "1/2-1/2"]
[WhiteElo "2009"]
[BlackElo "1847"]
[PlyCount "149"]
[EventDate "2014.03.10"]
[EventType "swiss"]
[EventRounds "9"]
[EventCountry "ESP"]
[Source "lmi"]
[SourceDate "2014.03.10"]

1. e4 d6 2. d4 Nf6 3. Nc3 c6 4. Be3 Nbd7 5. Qd2 h6 6. O-O-O Qc7 7. f4 Ng4 8.
Nf3 Nxe3 9. Qxe3 g6 10. Bd3 Bg7 11. g4 e5 12. dxe5 dxe5 13. f5 g5 14. h4 f6 15.
hxg5 hxg5 16. Rxh8+ Bxh8 17. Rh1 Bg7 18. Bc4 Nf8 19. Ne2 b6 20. Ng3 Bb7 21. Be6
Bc8 22. Bc4 Qe7 23. Rd1 Bd7 24. Ba6 Bc8 25. Bc4 Bd7 26. Nh5 O-O-O 27. Qd3 Bh8
28. Qb3 Kc7 29. Rh1 Be8 30. Ng3 Bg7 31. a4 a5 32. Qe3 Nd7 33. Nh5 Bf8 34. Ng3
Qb4 35. Bb3 Nc5 36. Rh7+ Bd7 37. Nd2 Nxa4 38. Nh5 Nxb2 39. Kxb2 a4 40. Nxf6
axb3 41. Nxb3 Bc5 42. Qd3 Qa3+ 43. Kb1 Be7 44. Nxd7 Rxd7 45. Qe2 Qb4 46. Qf3
Bf6 47. Rxd7+ Kxd7 48. Qd3+ Kc7 49. Kc1 c5 50. Qd5 c4 51. Nd2 b5 52. Qf7+ Qe7
53. Qxe7+ Bxe7 54. Kb2 Kd6 55. c3 Kc5 56. Nf3 Bf6 57. Ka3 Kc6 58. Kb4 Kb6 59.
Ka3 Ka5 60. Kb2 b4 61. cxb4+ Kxb4 62. Kc2 c3 63. Kd3 Kb3 64. Ne1 Be7 65. Nc2
Bf8 66. Ne3 Bc5 67. Nc2 Kb2 68. f6 Bf8 69. f7 Kb3 70. Ne3 Bc5 71. Nc2 Kb2 72.
Ne1 Kb3 73. Nc2 Kb2 74. Ne3 Kb3 75. Nc2 1/2-1/2

[Event "Madrid-ch Semifinal A"]
[Site "Madrid ESP"]
[Date "2014.03.17"]
[Round "4.17"]
[White "Fernandez Aransay, Fernando"]
[Black "Martos De La Vega, Alvar"]
[Result "0-1"]
[WhiteElo "1888"]
[BlackElo "1958"]
[PlyCount "128"]
[EventDate "2014.03.10"]
[EventType "swiss"]
[EventRounds "9"]
[EventCountry "ESP"]
[Source "lmi"]
[SourceDate "2014.03.10"]

1. e4 c5 2. Nf3 d6 3. d4 cxd4 4. Nxd4 Nf6 5. Nc3 a6 6. Bc4 e6 7. Bb3 Be7 8. O-O
Qc7 9. f4 Nc6 10. Be3 b5 11. Qf3 Nxd4 12. Bxd4 Bb7 13. Qg3 O-O 14. e5 Ne8 15.
f5 dxe5 16. Bxe5 Qb6+ 17. Kh1 exf5 18. Rxf5 Bf6 19. Raf1 Kh8 20. Nd5 Bxd5 21.
Bxd5 Rd8 22. Be4 Bxe5 23. Qxe5 Nd6 24. Rf6 Qb8 25. Bd3 Kg8 26. Qh5 g6 27. Qh6
Rfe8 28. R6f3 Qc7 29. h4 f5 30. Qf4 Qe7 31. Qg3 Qg7 32. Qh3 Ne4 33. Bxe4 Rxe4
34. h5 Rdd4 35. Qg3 Qa7 36. hxg6 Rh4+ 37. Kg1 Rdg4+ 38. Qf2 Qxf2+ 39. R1xf2
hxg6 40. Rd3 Rd4 41. Rfd2 Rxd3 42. Rxd3 Rc4 43. c3 Rc6 44. Kf2 Kf7 45. Kf3 Kf6
46. g3 Re6 47. Rd4 Rb6 48. a4 bxa4 49. Rxa4 Rxb2 50. Rxa6+ Kg5 51. Ra1 Rc2 52.
Ra3 Rc1 53. Rb3 Kh5 54. Kf4 Rf1+ 55. Ke3 Kg4 56. Rb6 g5 57. c4 Kxg3 58. Rg6 g4
59. c5 Rc1 60. c6 f4+ 61. Kd2 Rc5 62. Rd6 f3 63. Rf6 Kf2 64. Rf4 g3 0-1

[Event "Madrid-ch Semifinal A"]
[Site "Madrid ESP"]
[Date "2014.03.17"]
[Round "4.18"]
[White "Camacho Casado, Demetrio"]
[Black "Hernandez Garcia, Carlos"]
[Result "1-0"]
[WhiteElo "1956"]
[BlackElo "1814"]
[PlyCount "111"]
[EventDate "2014.03.10"]
[EventType "swiss"]
[EventRounds "9"]
[EventCountry "ESP"]
[Source "lmi"]
[SourceDate "2014.03.10"]

1. d4 Nf6 2. Nf3 e6 3. Bf4 d5 4. Nbd2 c5 5. e3 Nc6 6. c3 cxd4 7. exd4 a6 8. Bd3
h6 9. Qe2 Be7 10. Bc2 b5 11. O-O O-O 12. Qd3 b4 13. Ne5 Bb7 14. Ng4 Re8 15.
Rfe1 a5 16. Nxh6+ gxh6 17. Qg3+ Kh8 18. Bxh6 Rg8 19. Qh3 Rg7 20. Bxg7+ Kxg7 21.
Re3 Bd6 22. Qh4 Qh8 23. Qg5+ Kf8 24. Rh3 Qg7 25. Qh4 Ke7 26. f4 Qg4 27. Qxg4
Nxg4 28. Rf3 Rh8 29. h3 Nf6 30. Re1 Nh5 31. f5 e5 32. dxe5 Nxe5 33. Nb3 Ra8 34.
Nd4 Kf6 35. Rfe3 Nc4 36. Re8 Rxe8 37. Rxe8 Nxb2 38. g4 Nf4 39. h4 Kg7 40. g5 f6
41. Rd8 bxc3 42. Rd7+ Kf8 43. Rxd6 fxg5 44. hxg5 Nh3+ 45. Kg2 Nxg5 46. Rb6 Ke7
47. Rxb7+ Kf6 48. Rb3 Ke5 49. Nc6+ Kd6 50. Nd4 Ke5 51. Nf3+ Nxf3 52. Kxf3 d4
53. Ke2 Nc4 54. Rb5+ Kf6 55. Kd3 Nd6 56. Rxa5 1-0

[Event "Madrid-ch Semifinal A"]
[Site "Madrid ESP"]
[Date "2014.03.17"]
[Round "4.19"]
[White "Montes De Santiago, Fernando"]
[Black "Lopez Heras, Arturo"]
[Result "0-1"]
[WhiteElo "1831"]
[BlackElo "1956"]
[PlyCount "80"]
[EventDate "2014.03.10"]
[EventType "swiss"]
[EventRounds "9"]
[EventCountry "ESP"]
[Source "lmi"]
[SourceDate "2014.03.10"]

1. d4 Nf6 2. c4 g6 3. Nf3 Bg7 4. g3 O-O 5. Bg2 c5 6. e3 d5 7. b3 dxc4 8. bxc4
Nc6 9. Bb2 Bf5 10. O-O Nb4 11. Na3 Rc8 12. Qb3 Nd3 13. Bc3 Ne4 14. Nh4 Nxc3 15.
Nxf5 cxd4 16. Nxg7 Kxg7 17. Nb5 Nc5 18. Qc2 Nxb5 19. cxb5 dxe3 20. Qc3+ Kg8 21.
Qxe3 e6 22. Rfc1 b6 23. a4 Qd3 24. Qg5 Rfe8 25. Bc6 Ne4 26. Qe5 Nd2 27. Qf6
Red8 28. Qe7 Qf5 29. Rd1 Qc2 30. Qb7 Nb3 31. Rxd8+ Rxd8 32. Qe7 Rd2 33. Rf1 Nd4
34. Be8 Nf3+ 35. Kg2 Ne5 36. Qxa7 Qe4+ 37. Kh3 g5 38. Qb8 g4+ 39. Kh4 Ng6+ 40.
Kh5 Kg7 0-1

[Event "Madrid-ch Semifinal A"]
[Site "Madrid ESP"]
[Date "2014.03.17"]
[Round "4.20"]
[White "Perez Agusti, Luis"]
[Black "Lopez Orellana, Federico"]
[Result "1-0"]
[WhiteElo "1952"]
[BlackElo "1808"]
[PlyCount "49"]
[EventDate "2014.03.10"]
[EventType "swiss"]
[EventRounds "9"]
[EventCountry "ESP"]
[Source "lmi"]
[SourceDate "2014.03.10"]

1. d4 Nf6 2. Nf3 e6 3. c4 Bb4+ 4. Bd2 Bxd2+ 5. Qxd2 b6 6. g3 Bb7 7. Bg2 O-O 8.
Nc3 d6 9. O-O Nbd7 10. Rfe1 Ne4 11. Qc2 f5 12. Nd2 d5 13. cxd5 exd5 14. Rac1
Nxc3 15. Qxc3 Rc8 16. b4 Nf6 17. Rc2 Qe7 18. Nf3 Ne4 19. Qb3 Kh8 20. b5 Qd6 21.
Rec1 c5 22. bxc6 Bxc6 23. Ne5 Rf6 24. Nxc6 f4 25. Ne5 1-0

[Event "Madrid-ch Semifinal A"]
[Site "Madrid ESP"]
[Date "2014.03.17"]
[Round "4.21"]
[White "Ore Leon, Gustavo"]
[Black "Martin-Consuegra Barrilero, Ja"]
[Result "1/2-1/2"]
[WhiteElo "1840"]
[BlackElo "1853"]
[PlyCount "70"]
[EventDate "2014.03.10"]
[EventType "swiss"]
[EventRounds "9"]
[EventCountry "ESP"]
[Source "lmi"]
[SourceDate "2014.03.10"]

1. d4 d6 2. Nf3 Nf6 3. c4 c6 4. Nc3 Nbd7 5. e4 e5 6. Be2 Be7 7. O-O O-O 8. Re1
a6 9. h3 b5 10. cxb5 cxb5 11. a3 Bb7 12. Bd3 Rc8 13. d5 Nb6 14. Ne2 Nbxd5 15.
exd5 e4 16. Bxe4 Nxe4 17. Be3 Bf6 18. Rb1 Qd7 19. Nf4 g6 20. Bd4 Bxd4 21. Qxd4
Rc4 22. Qe3 Nf6 23. Rbd1 Re8 24. Qd2 Rxe1+ 25. Rxe1 Qf5 26. Nd4 Qc8 27. Re7 Rc7
28. Re1 Kg7 29. Nfe6+ fxe6 30. Nxe6+ Kg8 31. Qd4 Nxd5 32. Nxc7 Qxc7 33. Re8+
Kf7 34. Rh8 Nf6 35. Qa7 Qc1+ 1/2-1/2

[Event "Madrid-ch Semifinal A"]
[Site "Madrid ESP"]
[Date "2014.03.17"]
[Round "4.22"]
[White "Fernandez Garcia, Ignacio"]
[Black "Garcia Fernandez, Jesus"]
[Result "1-0"]
[WhiteElo "1907"]
[BlackElo "1892"]
[PlyCount "113"]
[EventDate "2014.03.10"]
[EventType "swiss"]
[EventRounds "9"]
[EventCountry "ESP"]
[Source "lmi"]
[SourceDate "2014.03.10"]

1. e4 c5 2. Bc4 Nc6 3. Nc3 g6 4. f4 Bg7 5. Nf3 e6 6. O-O Nge7 7. e5 d5 8. Be2
O-O 9. d3 a6 10. Nb1 b5 11. c3 Bb7 12. Be3 d4 13. Bd2 Qb6 14. Ng5 Rad8 15. a4
dxc3 16. bxc3 c4+ 17. Kh1 cxd3 18. Bf3 Nf5 19. axb5 axb5 20. Qe1 Na5 21. Na3
Nb3 22. Rb1 Nxd2 23. Qxd2 Bxf3 24. Rxf3 Ra8 25. Qb2 d2 26. Nc4 Rfd8 27. Nxd2
Nh4 28. Rff1 Rd3 29. Ndf3 Nxf3 30. Nxf3 Bf8 31. Ng5 Qe3 32. Qxb5 Rd2 33. Qb7
Ra7 34. Qc6 Raa2 35. Qe8 Qa7 36. Rb8 Qxb8 37. Qxb8 Rxg2 38. Nf3 Kg7 39. Qd8 Bc5
40. Qh4 h5 41. Nd4 Rg4 42. Qf6+ Kg8 43. Rg1 Bxd4 44. cxd4 Rd2 45. Rxg4 hxg4 46.
Qg5 Rxd4 47. Qxg4 Rd2 48. h4 Kf8 49. Qf3 Kg7 50. Qe3 Ra2 51. Qd4 Kf8 52. Qd8+
Kg7 53. Qf6+ Kf8 54. f5 exf5 55. e6 Ra7 56. Qd8+ Kg7 57. e7 1-0

[Event "Madrid-ch Semifinal A"]
[Site "Madrid ESP"]
[Date "2014.03.18"]
[Round "5.1"]
[White "Suarez Uriel, Adrian"]
[Black "Madina Yadarola, Martin"]
[Result "0-1"]
[WhiteElo "2279"]
[BlackElo "2254"]
[PlyCount "71"]
[EventDate "2014.03.10"]
[EventType "swiss"]
[EventRounds "9"]
[EventCountry "ESP"]
[Source "lmi"]
[SourceDate "2014.03.10"]

1. e4 d6 2. d4 Nf6 3. Nc3 c6 4. Bc4 d5 5. exd5 cxd5 6. Bd3 Nc6 7. Be3 Bg4 8. f3
Bh5 9. Nge2 Bg6 10. Nf4 e6 11. Be2 Bd6 12. h4 Bxf4 13. Bxf4 Nh5 14. Be3 Ng3 15.
Rh3 Nf5 16. Bf2 h5 17. Qd2 Rc8 18. Nd1 Qb6 19. c3 a6 20. Kf1 Qd8 21. b3 O-O 22.
Ke1 Nce7 23. Rc1 b5 24. Nb2 Nc6 25. Nd3 Nd6 26. Nf4 a5 27. Rg3 Ne7 28. Rg5 Qe8
29. Nxg6 fxg6 30. Bd3 Rf6 31. Re5 Qd7 32. Be3 Nf7 33. Bg5 Nxe5 34. dxe5 Rff8
35. Bxe7 Qxe7 36. Bxb5 0-1

[Event "Madrid-ch Semifinal A"]
[Site "Madrid ESP"]
[Date "2014.03.18"]
[Round "5.2"]
[White "Barraza Caracuel, Ignacio"]
[Black "Elissalt Cardenas, Hector"]
[Result "1/2-1/2"]
[WhiteElo "2207"]
[BlackElo "2369"]
[PlyCount "69"]
[EventDate "2014.03.10"]
[EventType "swiss"]
[EventRounds "9"]
[EventCountry "ESP"]
[Source "lmi"]
[SourceDate "2014.03.10"]

1. d4 Nf6 2. Nf3 e6 3. c4 Bb4+ 4. Bd2 Qe7 5. Nc3 O-O 6. a3 Bxc3 7. Bxc3 b6 8.
g3 Bb7 9. Bg2 Be4 10. O-O a5 11. b4 a4 12. Nd2 Bxg2 13. Kxg2 d5 14. Qc2 Nbd7
15. e4 dxe4 16. Nxe4 Nxe4 17. Qxe4 b5 18. cxb5 Nf6 19. Qf3 Nd5 20. Bd2 Qd7 21.
Rac1 Qxb5 22. Rc5 Qd7 23. Rfc1 Rfb8 24. Bf4 Ra7 25. h4 h6 26. h5 Rb5 27. Rxb5
Qxb5 28. Rc5 Qd7 29. Be5 f6 30. Bf4 Ra6 31. Qg4 Kf8 32. Bd2 Rc6 33. Qe2 Rxc5
34. dxc5 Qc6 35. Kg1 1/2-1/2

[Event "Madrid-ch Semifinal A"]
[Site "Madrid ESP"]
[Date "2014.03.18"]
[Round "5.3"]
[White "Perez De Aranda A., Leonardo I"]
[Black "Tereso Martin, Antonio"]
[Result "1-0"]
[WhiteElo "2117"]
[BlackElo "2029"]
[PlyCount "69"]
[EventDate "2014.03.10"]
[EventType "swiss"]
[EventRounds "9"]
[EventCountry "ESP"]
[Source "lmi"]
[SourceDate "2014.03.10"]

1. e4 e5 2. Nf3 d6 3. d4 Nf6 4. dxe5 Nxe4 5. Bc4 c6 6. Nbd2 Nxd2 7. Qxd2 d5 8.
Bd3 Be7 9. O-O Nd7 10. c3 Nc5 11. Bc2 Bg4 12. Qf4 Bh5 13. Nd4 Ne6 14. Nxe6 fxe6
15. Qg3 Qd7 16. Qxg7 O-O-O 17. Qh6 Bg6 18. Bxg6 hxg6 19. Qxg6 Rdg8 20. Qd3 Bc5
21. Bf4 Rg4 22. Bg3 a5 23. b3 Qg7 24. a3 Rh6 25. b4 axb4 26. axb4 Bb6 27. Rac1
Rhg6 28. Rfe1 Rc4 29. b5 c5 30. Re3 Ra4 31. Rf3 c4 32. Rf8+ Kc7 33. Qf3 Bxf2+
34. Qxf2 Qh6 35. Qc5+ 1-0